000 00266nam a22001217a 4500
008 181203b xxu||||| |||| 00| 0 eng d
041 _aeng
080 _a701
100 _a44
101 _aART
245 _aMonet in the 20th century
_cTucker,P,H
942 _2udc
_cBK
999 _c52713
_d52713